Johan Laikhak 1,2 & 3 leh Juda laikhak / (Record no. 3785)

MARC details
000 -LEADER
fixed length control field 00718nam a22002177a 4500
003 - CONTROL NUMBER IDENTIFIER
control field GBCCL
005 - DATE AND TIME OF LATEST TRANSACTION
control field 20241126110503.0
008 - FIXED-LENGTH DATA ELEMENTS--GENERAL INFORMATION
fixed length control field 171213b xxu||||| |||| 00| 0 eng d
040 ## - CATALOGING SOURCE
Transcribing agency gbc
082 ## - DEWEY DECIMAL CLASSIFICATION NUMBER
Classification number VER 227.9407
Item number JAM
100 ## - MAIN ENTRY--PERSONAL NAME
Personal name Jamkhothang T.
9 (RLIN) 7457
245 ## - TITLE STATEMENT
Title Johan Laikhak 1,2 & 3 leh Juda laikhak /
Statement of responsibility, etc. T. Jamkhothang
260 ## - PUBLICATION, DISTRIBUTION, ETC.
Name of publisher, distributor, etc. Evangelical Book House,
Place of publication, distribution, etc. Lamka:
Date of publication, distribution, etc. 1993
300 ## - PHYSICAL DESCRIPTION
Extent 180 p.;
Dimensions 18 cm.
440 ## - SERIES STATEMENT/ADDED ENTRY--TITLE
Title Saptuam Laisiangthou Hilhchetna
9 (RLIN) 7247
650 ## - SUBJECT ADDED ENTRY--TOPICAL TERM
Topical term or geographic name entry element Bible
Form subdivision New Testament
-- 1 John
General subdivision Study
9 (RLIN) 7458
650 ## - SUBJECT ADDED ENTRY--TOPICAL TERM
Topical term or geographic name entry element Bible
Form subdivision New Testament
-- 2 John
General subdivision Study
9 (RLIN) 7459
650 ## - SUBJECT ADDED ENTRY--TOPICAL TERM
Topical term or geographic name entry element Bible
Form subdivision New Testament
-- 3 John
General subdivision Study
9 (RLIN) 7460
650 ## - SUBJECT ADDED ENTRY--TOPICAL TERM
Topical term or geographic name entry element Bible
Form subdivision New Testament
-- Jude
General subdivision Study
9 (RLIN) 7461
942 ## - ADDED ENTRY ELEMENTS (KOHA)
Source of classification or shelving scheme Dewey Decimal Classification
Koha item type Books
Koha issues (borrowed), all copies 1
Holdings
Withdrawn status Lost status Source of classification or shelving scheme Damaged status Not for loan Collection Home library Current Library Shelving location Date acquired Total checkouts Full call number Barcode Date last seen Copy number Price effective from Koha item type Date last checked out
    Dewey Decimal Classification       GRACE BIBLE COLLEGE GRACE BIBLE COLLEGE Vernacular 2017-12-13   VER 227.9407 JAM 010819 2025-05-01 c.4 2017-12-13 Books  
    Dewey Decimal Classification       GRACE BIBLE COLLEGE GRACE BIBLE COLLEGE Vernacular 2017-12-13   VER 227.9407 JAM 010820 2025-05-01 c.5 2017-12-13 Books  
    Dewey Decimal Classification       GRACE BIBLE COLLEGE GRACE BIBLE COLLEGE Vernacular 2017-12-13   VER 227.9407 JAM 010818 2025-05-01 c.3 2017-12-13 Books  
    Dewey Decimal Classification       GRACE BIBLE COLLEGE GRACE BIBLE COLLEGE Vernacular 2017-12-13   VER 227.9407 JAM 010817 2025-05-01 c.2 2017-12-13 Books  
    Dewey Decimal Classification       GRACE BIBLE COLLEGE GRACE BIBLE COLLEGE Vernacular 2017-12-13   VER 227.9407 JAM 010816 2025-05-01 c.1 2017-12-13 Books  
    Dewey Decimal Classification       GRACE BIBLE COLLEGE GRACE BIBLE COLLEGE Vernacular 2018-06-26 1 VER 227.9407 JAM 010828 2025-05-01 c.6 2018-06-26 Books 2025-01-28
    Dewey Decimal Classification       GRACE BIBLE COLLEGE GRACE BIBLE COLLEGE Vernacular 2018-08-16   VER 227.9407 JAM 013591 2025-05-01 c.7 2018-08-16 Books  
    Dewey Decimal Classification       GRACE BIBLE COLLEGE GRACE BIBLE COLLEGE Vernacular 2018-08-23   VER 227.9407 JAM 013593 2024-05-16 c.8 2018-08-23 Books  
    Dewey Decimal Classification       GRACE BIBLE COLLEGE GRACE BIBLE COLLEGE Vernacular 2022-02-08   VER 227.9407 JAM 005213 2025-05-01 c.9 2022-02-08 Books  
    Dewey Decimal Classification       GRACE BIBLE COLLEGE GRACE BIBLE COLLEGE Vernacular 2022-02-08 2 VER 227.9407 JAM 005214 2025-05-01 c.10 2022-02-08 Books 2025-02-25
    Dewey Decimal Classification       GRACE BIBLE COLLEGE GRACE BIBLE COLLEGE Vernacular 2022-02-23   VER 227.9407 JAM 005539 2025-05-01 c.11 2022-02-23 Books  
© Grace Bible College Library 2025